Toroidal Dehn fillings on hyperbolic 3-manifolds /

Guardado en:
Autor Principal: Gordon, Cameron, 1945-
Otros Autores: Wu, Ying-Qing, 1956-
Formato: Libro
Idioma:English
Publicado: Providence, R.I. : American Mathematical Society, c2008.
Series:Memoirs of the American Mathematical Society, no. 909
Materias:
Etiquetas: Agregar Etiqueta
Sin Etiquetas, Sea el primero en etiquetar este registro!
LEADER 01120cam a2200301 a 4500
001 MAT.inmabb005028
008 080222s2008####riua#####b####000#0#eng##
005 20171010161139.0
245 1 0 |a Toroidal Dehn fillings on hyperbolic 3-manifolds /  |c Cameron McA. Gordon, Ying-Qing Wu. 
260 |a Providence, R.I. :  |b American Mathematical Society,  |c c2008. 
300 |a vi, 140 p. :  |b il. ;  |c 26 cm. 
440 0 |a Memoirs of the American Mathematical Society,  |x 0065-9266 ;  |v no. 909 
500 |a "Volume 194, number 909 (end of volume)." 
500 |a "July 2008." 
504 |a Incluye referencias bibliográficas (p. 139-140). 
510 4 |a MR,  |c 2009c:57036 
020 |a 9780821841679 (alk. paper) 
020 |a 082184167X (alk. paper) 
100 1 |a Gordon, Cameron,  |d 1945- 
700 1 |a Wu, Ying-Qing,  |d 1956- 
650 0 |a Dehn surgery (Topology) 
650 0 |a Three-manifolds (Topology) 
650 0 |a Geometry, Hyperbolic. 
084 |a 57N10 (57M50)  |2 msc2000 
010 |a  2008008511 
016 7 |a 014621402  |2 Uk 
040 |a DLC  |c DLC  |d YDX  |d YDXCP  |d BAKER  |d BTCTA  |d UKM  |d ORE  |d DLC 
859 |k H  |p MAMS-909  |b BIB. MATEMATICA